Digital signal processing with examples in MATLAB / (Record no. 566399)

000 -LEADER
fixed length control field 00975cam a22002774a 4500
001 - CONTROL NUMBER
control field 12747647
003 - CONTROL NUMBER IDENTIFIER
control field CEME
005 - DATE AND TIME OF LATEST TRANSACTION
control field 20210628201518.0
008 - FIXED-LENGTH DATA ELEMENTS--GENERAL INFORMATION
fixed length control field 020419s2003 flua b 001 0 eng
010 ## - LIBRARY OF CONGRESS CONTROL NUMBER
LC control number 2002067480
020 ## - INTERNATIONAL STANDARD BOOK NUMBER
International Standard Book Number 0849310911 (alk. paper)
040 ## - CATALOGING SOURCE
Original cataloging agency DLC
Transcribing agency DLC
Modifying agency DLC
042 ## - AUTHENTICATION CODE
Authentication code pcc
050 00 - LIBRARY OF CONGRESS CALL NUMBER
Classification number TK5102.9
Item number .S719 2003
082 00 - DEWEY DECIMAL CLASSIFICATION NUMBER
Classification number 621.382/2
Edition number 21
100 1# - MAIN ENTRY--PERSONAL NAME
Personal name Stearns, Samuel D.
9 (RLIN) 55595
245 10 - TITLE STATEMENT
Title Digital signal processing with examples in MATLAB /
Statement of responsibility, etc. Samuel D. Stearns.
260 ## - PUBLICATION, DISTRIBUTION, ETC.
Place of publication, distribution, etc. Boca Raton, Fla. :
Name of publisher, distributor, etc. CRC Press,
Date of publication, distribution, etc. c2003.
300 ## - PHYSICAL DESCRIPTION
Extent 336 p. :
Other physical details ill. ;
Dimensions 25 cm.
440 #0 - SERIES STATEMENT/ADDED ENTRY--TITLE
Title Electrical engineering and applied signal processing series
9 (RLIN) 55596
504 ## - BIBLIOGRAPHY, ETC. NOTE
Bibliography, etc. note Includes bibliographical references and index.
630 00 - SUBJECT ADDED ENTRY--UNIFORM TITLE
Uniform title MATLAB.
9 (RLIN) 3082
650 #0 - SUBJECT ADDED ENTRY--TOPICAL TERM
Topical term or geographic name entry element Signal processing
General subdivision Digital techniques
-- Computer simulation.
9 (RLIN) 55597
856 42 - ELECTRONIC LOCATION AND ACCESS
Materials specified Publisher description
Uniform Resource Identifier <a href="http://www.loc.gov/catdir/enhancements/fy0646/2002067480-d.html">http://www.loc.gov/catdir/enhancements/fy0646/2002067480-d.html</a>
942 ## - ADDED ENTRY ELEMENTS (KOHA)
Source of classification or shelving scheme
Koha item type Book
Holdings
Withdrawn status Lost status Source of classification or shelving scheme Damaged status Not for loan Permanent Location Current Location Shelving location Date acquired Total Checkouts Full call number Barcode Date last seen Price effective from Koha item type
          College of Electrical & Mechanical Engineering (CEME) College of Electrical & Mechanical Engineering (CEME) General Stacks 02/23/2017   621.3822 STE CEME-40117 06/28/2021 06/28/2021 Book
© 2023 Central Library, National University of Sciences and Technology. All Rights Reserved.